| 000 | 00869nam a2200217Ia 4500 | ||
|---|---|---|---|
| 001 | 16747 | ||
| 003 | GE_BSU | ||
| 008 | 181216s||||||||xx |||||||||||||| ||und|| | ||
| 040 | _cGE_BSU | ||
| 080 | _a321.64:179.8 + 94(100)"1939-1945 | ||
| 100 | _aთავაძე, იერემია | ||
| 245 | _aბუხენვალდი არ უნდა განმეორდეს | ||
| 245 | _cრედ.ლ.ბეჟანიძე. მხ.თ.დიასამიძე | ||
| 260 | _aთბილისი | ||
| 260 | _bსაბჭ. აჭარა | ||
| 260 | _c1973 | ||
| 300 | _a137გვ. : ილ.19სმ | ||
| 653 | _aბუხენვალდი არ უნდა განმეორდეს | ||
| 653 | _aსაკონცენტრაციო ბანაკები; მეორე მსოფლიო ომი; | ||
| 942 | _cBK | ||
| 999 |
_c49812 _d49812 |
||